000 00297nam a22001337a 4500
008 171024b xxu||||| |||| 00| 0 eng d
020 _a9780136007203
041 _aeng
080 _24 DE
_a311
100 _a55
101 _aSTA
245 _aELEMENTARY STATISTICS
_cLARSON.F
942 _2udc
_cBK
999 _c35648
_d35648